| 000 | 00984cam a22003253a 4500 | ||
|---|---|---|---|
| 001 | 14179269 | ||
| 003 | OSt | ||
| 005 | 20140310184448.0 | ||
| 008 | 051123s2005 nyua 000 0 eng d | ||
| 010 | _a 2005276837 | ||
| 020 | _a0439696038 (pbk.) | ||
| 035 | _a(OCoLC)ocm58594066 | ||
| 040 |
_aOCO _cOCO _dBAKER _dDLC |
||
| 050 |
_aPZ 7 _b.V434 2005 |
||
| 100 | 1 |
_aVelasquez, Crystal. _924716 |
|
| 245 | 1 | 0 |
_aMy twin sister ; My twin brother / _cCrystal Velasquez. |
| 246 | 3 | _aMy twin brother | |
| 260 |
_aNew York : _bScholastic Inc., _c2005. |
||
| 300 |
_a46, 46 p. : _bill. ; _c19 cm. |
||
| 440 | 0 |
_aMaya & Miguel _927839 |
|
| 490 | 1 | _aMaya and Miguel | |
| 500 | _aSee it on PBS Kids Go! | ||
| 521 | _aG2 | ||
| 526 | _c370 | ||
| 650 |
_aTwins _xJuvenile Fiction _927840 |
||
| 906 |
_a7 _bcbc _ccopycat _d2 _encip _f20 _gy-gencatlg |
||
| 942 |
_2lcc _cBK-SCHOLAS |
||
| 999 |
_c34541 _d34541 |
||